Kentucky Geography Quiz - Sudden Death - Statistics

General Stats
  • This quiz has been taken 257 times
  • The average score is 15 of 20
Answers on the Grid
Answers color-coded by a green-red scale on the quiz's grid according to % correct below.
Abraham Lincoln Birthplace
Appalachia
Appalachian Mountains
Atchafalaya River
Badlands National Park
Black Mountain
Bowling Green
Churchill Downs
Congaree National Park
Covington
Cumberland Gap
Cumberland Mountains
Cumberland River
Cuyahoga Valley National Park
Frankfort
Great Basin
Great Plains
Gulf of Mexico
Indianapolis
Kentucky Bend
Kentucky River
Lexington
Louisville
Mammoth Cave National Park
Memphis
Mississippi River
Missouri River
Mount Katahdin
Nashville
New England
Ohio River
Oregon Trail
Outer Banks
Owensboro
Paducah
Pigeon Forge
Space Needle
Tulsa
Upper Peninsula
Yellowstone River
 
Answer Stats
Answer % Correct
Abraham Lincoln Birthplace
89%
Bowling Green
89%
Frankfort
87%
Louisville
87%
Lexington
86%
Appalachian Mountains
83%
Churchill Downs
81%
Kentucky River
80%
Cumberland Gap
79%
Appalachia
78%
Kentucky Bend
77%
Covington
76%
Mammoth Cave National Park
76%
Owensboro
73%
Cumberland River
71%
Paducah
71%
Cumberland Mountains
66%
Ohio River
66%
Mississippi River
50%
Black Mountain
41%
No matching quizzes found
Score Distribution
Percent of People with Each Score
Percentile by Number Answered
Your Score History
You have not taken this quiz